Statistics for Daily Country Riddle #141

Click here to take the quiz!

General Stats

  • This quiz has been taken 69 times
  • The average score is 12 of 17

Answer Stats

TypeAnswer% Correct
Found LetterA
100%
Found LetterI
97%
Found LetterL
88%
Found LetterM
83%
Correctly Placed LetterA
76%
Found LetterS
76%
Found LetterE
74%
Found LetterD
69%
Correctly Placed LetterL
64%
Correctly Placed LetterM
64%
Correctly Placed LetterD
62%
Found LetterV
59%
Correctly Placed LetterS
57%
Correctly Placed LetterE
53%
Correctly Placed LetterI
53%
Mystery CountryMaldives
53%
Correctly Placed LetterV
53%

Score Distribution

Percentile by Number Answered

Percent of People with Each Score

Your Score History

You have not taken this quiz